000 00464nam a2200193 a 4500
001 1768117516359
003 YourLibrary
005 20260112125816.0
008 260111s2006##################000#0#eng##
020 _a9780859897587
082 0 4 _a302.23
_bHAM
100 1 _aHammond, Michael,
_eauthor.
245 1 0 _aThe Big Show :
260 _c2006.
300 _a328 pages
650 0 _aHistory.
942 _cENGLISH
040 _aYourLibrary
_beng
_cYourLibrary
999 _c608324
_d608324